Vista normal Vista MARC

Entrada Materia (tema)

Número de registros utilizados en: 12

001 - CONTROL NUMBER

  • control field: 42311

003 - CONTROL NUMBER IDENTIFIER

  • control field: Co-BoUCM

005 - DATE AND TIME OF LATEST TRANSACTION

  • control field: 20130809161444.0

008 - FIXED-LENGTH DATA ELEMENTS

  • fixed length control field: 130809|| aca||aabn | a|a d

040 ## - CATALOGING SOURCE

  • Original cataloging agency: Co-BoUCM
  • Transcribing agency: Co-BoUCM

150 ## - HEADING--TOPICAL TERM

  • Topical term or geographic name as entry element: Corrupción administrativa
  • General subdivision: Legislación
  • Geographic subdivision: Colombia

670 ## - SOURCE DATA FOUND

  • Source citation: Work cat.: (Co-BoUCM)171683: Mejía Ossman, Jaime 42309, Nuevo código disciplinario único, 2003